| Поле | Название | Значение |
| |
Тип записи |
a |
| |
Библиографический уровень |
m |
| 001 |
Контрольный номер |
9163e3f2642d4751b7688107de562440 |
| 005 |
Дата корректировки |
20140526192700.8 |
| 010 |
Индекс ISBN |
__ |
| a |
ISBN |
978-5-394-01649-3 |
| 101 |
Язык документа |
0_ |
| a |
Язык текста |
rus |
| 102 |
Страна публикации |
__ |
| a |
Страна публикации |
RU |
| 200 |
Заглавие и сведения об ответственности |
1_ |
| a |
Заглавие |
PR-проектирование: от идеи до воплощения в реальность |
| f |
Первые сведения об ответственности |
А. Н. Кошелев |
| 205 |
Сведения об издании |
__ |
| a |
Основные сведения об издании |
2-е изд. |
| 210 |
Выходные данные |
1_ |
| c |
Издательство |
Дашков и К |
| a |
Место издания |
Москва |
| d |
Дата издания |
2012 |
| 215 |
Физическое описание |
__ |
| a |
Объем |
302, [2] с. |
| 225 |
Серия |
2_ |
| a |
Серия |
Стратегия успешного бизнеса |
| 610 |
Ключевые слова |
0_ |
| a |
Ключевые слова |
PR-проектирование |
| 610 |
Ключевые слова |
0_ |
| a |
Ключевые слова |
идея PR-проекта |
| 610 |
Ключевые слова |
0_ |
| a |
Ключевые слова |
воплощение PR-проекта |
| 610 |
Ключевые слова |
0_ |
| a |
Ключевые слова |
пиар |
| 610 |
Ключевые слова |
0_ |
| a |
Ключевые слова |
проблематизация |
| 610 |
Ключевые слова |
0_ |
| a |
Ключевые слова |
методы исследования |
| 610 |
Ключевые слова |
0_ |
| a |
Ключевые слова |
цель PR-проекта |
| 610 |
Ключевые слова |
0_ |
| a |
Ключевые слова |
задачи PR-проекта |
| 610 |
Ключевые слова |
0_ |
| a |
Ключевые слова |
аудитория PR-проекта |
| 610 |
Ключевые слова |
0_ |
| a |
Ключевые слова |
реализация PR-проекта |
| 610 |
Ключевые слова |
0_ |
| a |
Ключевые слова |
команда PR-проекта |
| 610 |
Ключевые слова |
0_ |
| a |
Ключевые слова |
план-график PR-проекта |
| 610 |
Ключевые слова |
0_ |
| a |
Ключевые слова |
бюджет PR-проекта |
| 610 |
Ключевые слова |
0_ |
| a |
Ключевые слова |
медиаплан PR-проекта |
| 610 |
Ключевые слова |
0_ |
| a |
Ключевые слова |
оценка эффективности |
| 610 |
Ключевые слова |
0_ |
| a |
Ключевые слова |
практика PR-проектирования |
| 686 |
Индексы других классификаций |
__ |
| a |
Классификационный индекс |
65.050.9(2)2 |
| 2 |
Код системы |
rubbk |
| 700 |
Автор |
_1 |
| a |
Фамилия |
Кошелев |
| b |
Имя |
А. Н. |
| g |
Полное личное имя |
Антон Николаевич |
| 801 |
Источник записи |
_0 |
| a |
Страна |
RU |
| b |
Организация |
РУК |
| c |
Дата составления |
20121112 |
| g |
Правила каталогизации |
PSBO |
| 801 |
Источник записи |
_1 |
| a |
Страна |
RU |
| b |
Организация |
РУК |
| c |
Дата составления |
20121112 |
| g |
Правила каталогизации |
PSBO |
| 852 |
Данные о местонахождении |
__ |
| i |
Авторский знак |
К 76 |
| j |
Шифр хранения |
ББК 65.050 |
| 901 |
Тип документа |
__ |
| t |
Тип документа |
m |
| 938 |
Служебная информация |
__ |
| a |
Название организации |
Головной вуз |
| b |
Имя БД |
BOOK |
| c |
Название АИБС |
АИБС ИРБИС |